| 000 | 01210ntm a2200277 i 4500 | ||
|---|---|---|---|
| 001 | 102167 | ||
| 003 | ES-MaACL | ||
| 005 | 20250905063045.0 | ||
| 007 | t| | ||
| 008 | 051104s1917 sp |||| | spa d | ||
| 040 | _cES-MaACL | ||
| 100 | 1 |
_aMendizábal de la Peña, Luis _eaut _980224 |
|
| 245 | 1 | 0 |
_aEspaña y la guerra _h[Manuscrito] : _bmemoria leída en sesión celebrada el día 2 de marzo / _cpor el secretario primero Luis Mendizábal de la Peña. |
| 260 |
_aMadrid : _b[L. Mendizábal], _c1917. |
||
| 300 |
_a28 hojas ; _c21 x 14 cm. |
||
| 500 | _aEjemplar mecanografiado | ||
| 530 | _aDisponible en formato digital | ||
| 594 | _aPrecede al título: Ateneo de Madrid. Sección de Ciencias Históricas. Curso de 1916-1917 | ||
| 610 | 2 | 4 |
_aAteneo de Madrid. _bSección de Ciencias Históricas- _vMemorias. _91982 |
| 650 | 4 |
_aGuerra mundial, 1914-1918- _zEspaña. _9147989 |
|
| 852 | 4 |
_aES-MaACL _cDEPO _dOlim: 1559-F-5 _jArmario 18, Caja negra |
|
| 856 | 4 |
_uhttps://bvpb.mcu.es/es/consulta/registro.do?id=577706 _yVersión en línea _z(Biblioteca Virtual del Patrimonio Bibliográfico) |
|
| 942 |
_cMANUSCRITO _n0 |
||
| 999 |
_c102167 _d102167 |
||